00588cam a2200169 4500001000500000005001700005008003900022010001700061020002200078245009800100246003000198260005500228300002700283504005300310650003500363700002000398237420181127165030.0021105s2003 nyu b 001 0 eng a 2002036949 a0812968875 (pbk.)00aPoetry 180 :ba turning back to poetry /cselected and with an introduction by Billy Collins.3 aPoetry one hundred eighty aNew York :bRandom House Trade Paperbacks,cc2003. axxiv, 323 p. ;c21 cm. aIncludes bibliographical references and indexes. 0aAmerican poetryy21st century.1 aCollins, Billy.